000 00307nam a22001457a 4500
003 SGT
005 20260525111927.0
082 _a004.22,SAI
100 _aSAINI SPS
245 _aCOMPUTER SYSTEM ARCHITECTURE AND ORGANISATION
250 _a1st
260 _c2008
300 _a450
942 _2ddc
_cGF BOOKS
999 _c34404
_d34404